000 00538nam a2200181Ia 4500
008 090123s9999 xx 000 0 und d
082 _b37878
_a891.463/असले
100 _aअसलेकर प्रशांत
245 _aव्याध
250 _a1
260 _bमधुरा प्रकाशन
_c2005
300 _a272
600 _aअसलेकर प्रशांत
630 _aव्याध
700 _aअसलेकर प्रशांत
730 _aव्याध
942 _cBOOK
999 _c75945
_d75945